01609nam a2200361 a 4500001001200000003000800012006001900020007001500039008004100054020001800095020001800113040002100131035002100152050002500173100002000198245013300218246002800351250002200379260005400401300003600455490003500491500003800526504005400564505019100618533015200809650002800961650001800989650003201007655002901039710001701068830003601085856012601121ebr10308825CaPaEBRm u cr cn|||||||||091006s2008 ncua sb 000 0 eng d z9780979107979 z9780982336168 aCaPaEBRcCaPaEBR a(OCoLC)50607175114aRA776.5b.W66 2008eb1 aWoodman, Josef.10aPatients beyond bordersh[electronic resource] :beverybody's guide to affordable, world-class medical tourism /cJosef Woodman.3 aPatients beyond borders aSingapore 2nd ed. aChapel Hill, N.C. :bHealthy Travel Media,c2008. axv, 197 p. :bill. (some col.).1 aPatients beyond borders series a"Fully revised & updated"--Cover. aIncludes bibliographical references (p. 187-191).0 apt. 1. Reminders for the savvy, informed medical traveler -- pt. 2. Singapore: more than a world-class health destination -- pt. 3. Uniquely Singapore -- pt. 4. Resources and references. aElectronic reproduction.bPalo Alto, Calif. :cebrary,d2013.nAvailable via World Wide Web.nAccess may be limited to ebrary affiliated libraries. 0aTravelxHealth aspects. 0aMedical care. 0aMedical carexCost control. 7aElectronic books.2local2 aebrary, Inc. 0aPatients beyond borders series.40uhttp://site.ebrary.com/lib/rucke/Doc?id=10308825zAn electronic book accessible through the World Wide Web; click to view